Microsoft Access 2013 Inside Out /

Conquer Microsoft Access 2013-from the inside out! You're beyond the basics, so dive right into Access 2013-and use your skills to create sophisticated database apps! This supremely organized reference packs hundreds of timesaving solutions, troubleshooting tips, and workarounds. It's all...

Full description

Bibliographic Details
Main Author: Conrad, Jeff (Author)
Corporate Author: Safari, an O'Reilly Media Company
Format: eBook
Language:English
Published: Microsoft Press, 2013.
Edition:1st edition.
Subjects:
Online Access:Connect to this electronic resource

MARC

Tag First Indicator Second Indicator Subfields
LEADER 00000uam a2200000 a 4500
001 in00004250488
005 20260122213108.2
006 m o d
007 cr cn
008 010813s2013 xx o eng
020 |z 9780735672291 
020 |z 9780735671232 
020 |z 0735671230 
020 |z 0735672296 
035 |a (CaSebORM)9780735672291 
040 |d UtOrBLW 
041 0 |a eng 
100 1 |a Conrad, Jeff,  |e author.  |0 http://id.loc.gov/authorities/names/no2008094876 
245 1 0 |a Microsoft Access 2013 Inside Out /  |c Conrad, Jeff. 
250 |a 1st edition. 
264 1 |b Microsoft Press,  |c 2013. 
300 |a 1 online resource (848 pages) 
336 |a text  |b txt  |2 rdacontent 
337 |a computer  |b c  |2 rdamedia 
338 |a online resource  |b cr  |2 rdacarrier 
347 |a text file 
520 |a Conquer Microsoft Access 2013-from the inside out! You're beyond the basics, so dive right into Access 2013-and use your skills to create sophisticated database apps! This supremely organized reference packs hundreds of timesaving solutions, troubleshooting tips, and workarounds. It's all muscle and no fluff. Discover how the experts tackle Access 2013-and challenge yourself to new levels of mastery. Build an Access Services web app with Microsoft SharePoint Server Automate your Access web app with data macros Create tables in your Access web app using built-in templates Aggregate and display your web app data using totals queries Use the Autocomplete control to quickly search for related data Create a Summary view to consolidate and group information Display related data on your views with the Related Items control Package your web app for use by others in your organization Plus-download chapters on building desktop databases For Intermediate and Advanced Users and Database Designers 
533 |a Electronic reproduction.  |b Boston, MA :  |c Safari,  |n Available via World Wide Web.  |d 2014. 
538 |a Mode of access: World Wide Web. 
542 |f Copyright © 2013 Jeff Conrad  |g 2014 
588 |a Online resource; Title from title page (viewed July 15, 2013) 
500 |a Electronic resource. 
655 7 |a Electronic books.  |2 local 
710 2 |a Safari, an O'Reilly Media Company. 
856 4 0 |u https://proxy.library.tamu.edu/login?url=https://go.oreilly.com/TAMU/library/view/-/9780735672291/?ar  |z Connect to this electronic resource  |t 0 
999 f f |s f09b4596-ab1c-3350-b812-42a672afd009  |i 294a5434-cc09-3a8f-9bef-95ada4736fe8  |t 0 
952 f f |a Texas A&M University  |b College Station  |c Electronic Resources  |s www_evans  |d Available Online  |t 0  |h No information provided 
998 f f |t 0  |l Available Online